Statistiques concernant Quels pays sont européens ?

Cliquez ici pour prendre le quiz!

Statistiques générales

  • Ce quiz a été pris 297 fois
  • Le résultat moyen est 24 sur 25

Statistiques - réponses

QuestionTuileSelect% Correct
Quels pays sont européens ?AngolaNon
100%
Quels pays sont européens ?BrésilNon
100%
Quels pays sont européens ?CambodgeNon
100%
Quels pays sont européens ?JaponNon
100%
Quels pays sont européens ?NamibieNon
100%
Quels pays sont européens ?ThaïlandeNon
100%
Quels pays sont européens ?TurkménistanNon
100%
Quels pays sont européens ?FranceOui
99%
Quels pays sont européens ?JordanieNon
99%
Quels pays sont européens ?MongolieNon
99%
Quels pays sont européens ?PérouNon
99%
Quels pays sont européens ?BolivieNon
98%
Quels pays sont européens ?EstonieOui
98%
Quels pays sont européens ?HondurasNon
98%
Quels pays sont européens ?ItalieOui
98%
Quels pays sont européens ?GrèceOui
97%
Quels pays sont européens ?CroatieOui
96%
Quels pays sont européens ?PortugalOui
96%
Quels pays sont européens ?NorvègeOui
94%
Quels pays sont européens ?SuisseOui
94%
Quels pays sont européens ?LettonieOui
93%
Quels pays sont européens ?MalteOui
92%
Quels pays sont européens ?LichtensteinOui
89%
Quels pays sont européens ?MonténégroOui
89%
Quels pays sont européens ?BiélorussieOui
86%

Distribution des résultats

Percentile par nombre de réponses

% des personnes avec chaque résultat

Votre développement - résultats

Vous n’avez pas pris ce quiz